20 najpopularniejszych imion żeńskich w Polsce - nagła śmierć - Statystyki

Ogólne statystyki
  • Ten quiz został rozwiązany 109 razy
  • Średni wynik to 8 z 20
Answers on the Grid
Answers color-coded by a green-red scale on the quiz's grid according to % correct below.
Agnieszka
Aleksandra
Alicja
Anna
Barbara
Beata
Bożena
Danuta
Daria
Dorota
Elżbieta
Ewa
Joanna
Jolanta
Julia
Karolina
Katarzyna
Krystyna
Lena
Lidia
Magdalena
Małgorzata
Maria
Marta
Milena
Monika
Nadia
Natalia
Oliwia
Paulina
Pola
Sandra
Sylwia
Teresa
Wiktoria
Zofia
 
Statystyki odpowiedzi
Odpowiedź % Poprawnych
Anna
78%
Agnieszka
69%
Katarzyna
56%
Aleksandra
55%
Małgorzata
49%
Barbara
47%
Ewa
47%
Maria
47%
Zofia
44%
Joanna
42%
Magdalena
40%
Elżbieta
31%
Julia
27%
Krystyna
25%
Natalia
25%
Karolina
18%
Teresa
16%
Monika
15%
Danuta
13%
Marta
9%
Nie znaleziono quizów pasujących do podanych kryteriów
Rozkład punktacji
Procent ludzi z każdym wynikiem
Percentyl według liczby udzielonych odpowiedzi
Twoja historia wyników
Nie rozwiązałeś tego quizu